| 000 | 00487nam a2200169Ia 4500 | ||
|---|---|---|---|
| 008 | 231221s9999 xx 000 0 und d | ||
| 041 | _aEnglish | ||
| 082 | _a001.642 TAN; | ||
| 100 | _aTanenbaum, Andrew S. Woodhull, Albert S. Woodhull, Albert S | ||
| 245 | 0 | _aOperating systems : design and implementation | |
| 250 | _a2nd ed. | ||
| 260 |
_c1997 _bPearson Education (Singapore) _aDelhi |
||
| 300 | _axvii+939 | ||
| 300 | _c31790 | ||
| 650 | _aOperating,systems,: | ||
| 942 | _cCD | ||
| 999 |
_c203046 _d203046 |
||